000 01009nam0a22002531 4500
001 rc\2805337
005 20250806210622.0
035 _a(NLR Aleph) 006931286
090 _a25053
_c25053
100 _a20110915d1945 u y0rusy50 ca
101 0 _arus
102 _aRU
105 _ay z |||||
200 1 _aГитлеровцы - злейшие враги нашей Родины и всех свободолюбивых народов
_fП. Федосеев
_gУпр. уполномоч. Совнаркома СССР по делам репатриации сов. граждан
210 _aМосква
_cВоен. изд-во
_d1945
_gтип. им. Тимошенко
215 _a39 с.
_d14 см.
700 1 _aФедосеев
_bП.Н.
_f1908-1990
_gПетр Николаевич
801 0 _aRU
_bNLR
_gpsbo
801 1 _aRU
_bELAR
_2rusmarc
852 _aNLR
_jИр50 Г-2/904
942 _cBOOK
945 _aРоссийская национальная библиотека
980 _aNB
980 _aBV